000 00358nam a22001457a 4500
003 OSt
005 20160727222457.0
008 160705b xxu||||| |||| 00| 0 eng d
040 _cTEST
100 _92198
_a Phukan, M
245 _aChumki Posts a Letter
260 _aN.D
_b Children Books Trust
_c2003
300 _aChumki Posts a Letter
942 _2ddc
_cBK
999 _c1887
_d1887